|
|
|
|
| LEADER |
00000nab a2200000 a 4500 |
| 001 |
vtls000594620 |
| 003 |
SK-MaSNL |
| 005 |
20260304090936.0 |
| 008 |
250425c1996 xo 0 slo |
| 015 |
|
|
|a SNBRB19rr/mm-uuuuu
|
| 035 |
|
|
|a CL0594759
|
| 035 |
|
|
|a urn:nbn:sk:snk-abfiu
|
| 035 |
|
|
|a (urnnbn)urn:nbn:sk:snk:ar-002dy1
|
| 035 |
|
|
|a (uuid)4bc7d62c-70b5-4d11-b132-ce2dd2098018
|
| 040 |
|
|
|a SNKBUCL
|b slo
|c SNKBUCL
|e AACR2
|
| 041 |
0 |
|
|a slo
|
| 044 |
|
|
|a xo
|c SK
|
| 080 |
|
|
|a 616.314-083
|2 1981
|
| 100 |
1 |
|
|a Hoferová, Jaroslava
|4 aut
|9 1382651
|
| 245 |
1 |
0 |
|a O našich 32 pomocníkov sa treba aj starať
|c Jaroslava Hoferová
|
| 650 |
0 |
7 |
|a zuby
|2 snkbucl
|9 50770
|
| 650 |
0 |
7 |
|a dentálna hygiena
|2 snkbucl
|9 74687
|
| 655 |
|
7 |
|a články z novín a časopisov
|2 snkbucl
|9 267496
|
| 773 |
0 |
|
|t Naše liečivé rastliny
|g Roč. 33, č. 4 (1996), s. 138-140
|x 0323-2646
|
| 850 |
|
|
|a Slovenská národná knižnica
|
| 852 |
|
|
|a Slovenská národná knižnica
|
| 954 |
|
|
|a odborná, vedecká literatúra pôvodná (slovenská)
|2 lita
|
| 958 |
|
|
|a article27
|
| 958 |
|
|
|a RK
|
| 958 |
|
|
|a MI
|
| 958 |
|
|
|a OND
|
| 958 |
|
|
|a EUIPO
|
| 992 |
|
|
|a RBX
|
| 999 |
|
|
|c 2813421
|d 2815351
|